Možnosti automatizácie refaktoringu

Guardado en:
Detalles Bibliográficos
Autor principal: Námešný, Michal (Autor)
Otros Autores: Polášek, Ivan, 1964- (Orientador)
Formato: Manuscrito Libro
Lenguaje:eslovaco
Publicado: STU v Bratislave FIIT, 2009
Etiquetas: Agregar Etiqueta
Sin Etiquetas, Sea el primero en etiquetar este registro!

MARC

LEADER 00000ntm a22000003a 4500
001 stu200053
005 20150617230109.0
008 100223s2009----xo------------------slo-d
040 |a STU  |b slo 
041 0 |a slo 
044 |a xo 
100 1 |a Námešný, Michal  |4 aut  |u I200  |U FIIT Fakulta informatiky a informačných technológií  |T FIIT Ústav informatiky a softvérového inžinierstva  |U I200  |Y 179 
245 1 |a Možnosti automatizácie refaktoringu 
260 |b STU v Bratislave FIIT,  |c 2009 
300 |a 42 s  |c príl. 
700 1 |a Polášek, Ivan,  |d 1964-  |4 ths  |u I200  |U FIIT Fakulta informatiky a informačných technológií  |T FIIT Ústav informatiky a softvérového inžinierstva  |X 1426  |U I200  |Y 179  |7 1426 
996 |c I*BAP133/09  |l II680  |s P  |a 0  |w stu200053_0001